|
|
|
|
| LEADER |
01763nam a2200349 a 4500 |
| 001 |
17545 |
| 003 |
BD-DhAAL |
| 008 |
121217s2007 bg a b 001 0 eng d |
| 010 |
|
|
|a 2008419299
|
| 020 |
|
|
|a 984300000965
|
| 040 |
|
|
|a DLC
|c DLC
|d BD-DhAAL
|
| 082 |
0 |
0 |
|a 398.095492
|2 22
|
| 245 |
0 |
0 |
|a Folklore /
|c editor, Wakil Ahmed.
|
| 260 |
|
|
|a Dhaka :
|b Asiatic Society of Bangladesh,
|c 2007.
|
| 300 |
|
|
|a xv, 410 pages :
|b ill. (some col.) ;
|c 25 cm.
|
| 490 |
0 |
|
|a Cultural survey of Bangladesh series ;
|v 7
|
| 504 |
|
|
|a Includes bibliographical references and index.
|
| 520 |
|
|
|a Contributed articles published under the Cultural Survey of Bangladesh Project.
|
| 541 |
|
|
|a 00026334
|
| 546 |
|
|
|a Includes translations from Bengali.
|
| 650 |
|
0 |
|a Folklore
|z Bangladesh.
|9 46037
|
| 700 |
1 |
|
|a Ahmed, Wakil,
|d 1941-
|9 59435
|
| 710 |
2 |
|
|a Asiatic Society of Bangladesh.
|
| 710 |
2 |
|
|a Cultural Survey of Bangladesh Project.
|
| 830 |
|
|
|a Cultural survey of Bangladesh series ;
|v 7
|9 54791
|
| 852 |
1 |
|
|a Ayesha Abed Library
|j General shelf
|
| 942 |
|
|
|2 ddc
|c BK
|
| 999 |
|
|
|c 13008
|d 13008
|
| 952 |
|
|
|0 0
|1 0
|4 0
|6 398_095492000000000_FOL
|7 0
|9 21540
|a BRACUL
|b BRACUL
|c REF
|d 2012-12-18
|e Chairperson, BRAC
|g 0.00
|l 0
|o 398.095492 FOL
|p 3010026334
|r 2012-12-18
|t 1
|w 2012-12-18
|y BK
|
| 952 |
|
|
|0 0
|1 0
|4 0
|6 398_095492000000000_FOL
|7 0
|9 21541
|a BRACUL
|b BRACUL
|c REF
|d 2012-12-18
|e Chairperson, BRAC
|g 0.00
|l 0
|o 398.095492 FOL
|p 3010026335
|r 2012-12-18
|t 2
|w 2012-12-18
|y BK
|
| 952 |
|
|
|0 0
|1 0
|2 ddc
|4 0
|6 398_095492000000000_FOL
|7 0
|9 43526
|a SCL
|b SCL
|c GEN
|d 2013-10-01
|g 675.00
|l 0
|o 398.095492 FOL
|p 3020008028
|r 2014-08-30
|t 3
|w 2014-08-30
|y BK
|
| 952 |
|
|
|0 0
|1 0
|2 ddc
|4 0
|6 398_095492000000000_FOL
|7 0
|9 44073
|a BRACUL
|b BRACUL
|c REF
|d 2014-11-17
|l 2
|m 15
|o 398.095492 FOL
|p 3010017545
|r 2022-04-05
|s 2021-12-06
|t 4
|w 2014-11-17
|y BK
|